000 01247nam a2200313 4500
003 OSt
005 20260601193906.0
008 260520b2019 lu a|||| |||| 00| 0 fre d
040 _aICI
_bspa
_cICI
050 _aN6953.B67
_bA4 2019
100 1 _aBorchgrave, Isabelle de,
_d1946-2024,
_eartist.
_934580
245 1 _aAfrica Inside Me /
_bIsabelle de Borchgrave.
264 _aLuxembourg :
_bDegroof Petercam,
_c2019.
300 _a101 paginas
_bcolor illustrations ;
336 _2rdacontent
_atexto
337 _2rdamedia
_asin medio
338 _2rdacarrier
_avolumen
500 _aCatalog published in conjunction with the exhibition held at Degroof Petercam Luxembourg in 2019.
520 _aArt exhibition inspired by African cultures and artistic interpretations by Belgian artist Isabelle de Borchgrave.
600 _aBorchgrave, Isabelle de,
_xExposiciones.
_934581
650 _aArte belga
_ySiglo XXI.
_934582
650 _aArte africano en el arte.
_934583
650 _aEscultura en papel.
_934584
650 _aArte contemporáneo belga.
_934585
650 _aÁfrica en el arte.
_934586
651 _aLuxemburgo
_xVida cultural.
_934587
710 2 _aaDegroof Petercam Luxembourg,
_ehost institution.
_934588
942 _2lcc
_n0
_cB
999 _c22422
_d22422